000
00263nam a2200109Ia 4500
008
190914s9999||||xx |||||||||||||| ||und||
100
_a
Dr.Abdul Wahab
245
0
_a
Sarkaari Idaron Ki Islah
260
_a
Karachi
_b
Royal Book
_c
2001
300
_a
632
942
_c
BK
999
_c
9284
_d
9284